01642cam a22003617a 4500003000500000005001700005008004100022010001000063011001000073035001000083040000900093082003200102110008600134245007400220260004200294300001900336500005800355590004100413590004100454590004100495590004100536590004200577650003500619650004900654650003100703901000700734942001000741949009400751949009000845999001700935952016600952952016201118CHAP20220329133933.0971013s1993 r 00010 d a12936 a13908 a17981 cCHAP a312.0972bM48 1990 Nay. v.1 aInstituto Nacional de Estadística, Geografía e Informática. México959304 0aCenso general de población y vivienda (11o.) 1990 : Nayarit : Tepic aAguascalientes, Ags. :bINEGI,c1993- av.b: gráfs. aLa biblioteca tiene: Pte. 1 Perfil sociodemográfico aBATCH-UPDb10c20130110lUCH01h0207 aBATCH-UPDb10c20130110lUCH01h2123 aBATCH-UPDb10c20130410lUCH01h1432 aBATCH-UPDb10c20130914lUCH01h1822 aCONVERSIONb10c20130109lUCH01h130814aMéxicoxCensos (1990)97666114aPoblaciónxEstadísticaszNayarit.98939014aViviendaxNayarit.9120138 aBK cLIBRO a312.0972 M48 1990 Nay. v.1bBCcINEGId33724000614509eINEGIfPte. 1 c.2h86878i17981si a312.0972 M48 1990 Nay. v.1bBCcINEGId33724000614665eINEGIfPte. 1h86877i17981si c12936d12936 00102ddc4051708INEGIaBCbBCcPB_INEGId2019-12-31fLIBROl0o312.0972 M48 1990 Nay. v.1p33724000614509r2019-12-31 00:00:00tPte. 1 c.2w2019-12-31yLIBRO 00102ddc4051708INEGIaBCbBCcPB_INEGId2019-12-31fLIBROl0o312.0972 M48 1990 Nay. v.1p33724000614665r2019-12-31 00:00:00tPte. 1w2019-12-31yLIBRO